|
|
|
|
| LEADER |
01181nam a2200289 a 4500 |
| 001 |
14451651 |
| 008 |
100307r20082006 enka b 001 0 eng d |
| 010 |
|
|
|a 2006023260
|
| 020 |
|
|
|a 052168952X (pbk.)
|
| 020 |
|
|
|a 9780521689526 (pbk.)
|
| 020 |
|
|
|a 0521869277
|
| 020 |
|
|
|a 9780521869270
|
| 040 |
|
|
|a DLC
|c DLC
|d YDX
|d BAKER
|d YDXCP
|d DLC
|d BD-DhAAL
|
| 082 |
0 |
0 |
|a 418/.007
|2 22
|
| 245 |
0 |
0 |
|a Task-based language education :
|b from theory to practice /
|c edited by Kris van den Branden.
|
| 260 |
|
|
|a Cambridge, [England] ;
|a New York :
|b Cambridge University Press,
|c 2006 [Reprinted 2008]
|
| 300 |
|
|
|a ix, 284 p. :
|b ill. ;
|c 24 cm.
|
| 490 |
0 |
|
|a The Cambridge applied linguistics series
|
| 504 |
|
|
|a Includes bibliographical references (p. 249-273) and indexes.
|
| 541 |
1 |
|
|e 00019929
|
| 650 |
|
0 |
|a Language and languages
|x Study and teaching.
|
| 650 |
|
0 |
|a Task analysis in education.
|
| 700 |
1 |
|
|a Branden, Kris van den.
|
| 852 |
4 |
|
|a Ayesha Abed Library
|j General shelf
|
| 942 |
0 |
0 |
|0 1
|
| 999 |
|
|
|c 7703
|d 7703
|
| 952 |
|
|
|0 0
|1 0
|2 ddc
|4 0
|6 418_007000000000000_TAS_2008
|7 0
|9 8451
|a BRACUL
|b BRACUL
|c GEN
|d 2010-03-07
|l 6
|m 3
|o 418.007 TAS
|p 3010019929
|r 2015-09-21
|s 2015-09-20
|t 1
|w 2010-03-07
|y BK
|